Statistiques concernant Harry Potter: la Famille Weasley

Cliquez ici pour prendre le quiz!

Statistiques générales

  • Ce quiz a été pris 304 fois
  • Le résultat moyen est 27 sur 34

Statistiques - réponses

InformationRéponses% Correct
Membre connuFred Weasley
97%
Membre connuFred Weasley Jr
97%
Membre connuArthur Weasley
96%
Membre connuGeorge Weasley
96%
Membre connueGinny Weasley
96%
Membre connue (par alliance)Molly Weasley
96%
Membre connueMolly Weasley Jr
96%
Membre connuCharlie Weasley
95%
Dernière apparitionHarry Potter et les Reliques de la Mort
95%
Membre connuRon Weasley
95%
Membre connuBill Weasley
94%
Maison de Poudlard ans laquelle tous on étéGryffondor
94%
Première apparitionHarry Potter à l'école des sorciers
94%
Membre connu (par alliance)Harry Potter
93%
Lieu de résidenceLe Terrier
92%
Membre connuPercy Weasley
92%
Membre connue (par alliance)Hermione Granger
91%
Registre auquel elle appartientRegistre des Sang-Pur
91%
Statut de sangSang-Pur
91%
Membre connue (par alliance)Fleur Delacour
89%
Membre connue (par alliance)Angelina Johnson
78%
Membre connueRose Weasley
78%
Membre connuHugo Weasley
77%
Membre connuAlbus Severus Potter
70%
Membre connuJames Sirius Potter
70%
Membre connueLily Luna Potter
68%
Membre connueVictoire Weasley
66%
Membre connuLouis Weasley
56%
Membre connueDominique Weasley
53%
Membre connueAudrey Weasley
50%
Membre connueRoxanne Weasley
50%
Membre connuLucy Weasley
48%
Membre connuBilius Weasley
39%
Membre connue (par alliance)Gabrielle Delacour
39%

Distribution des résultats

Percentile par nombre de réponses

% des personnes avec chaque résultat

Votre développement - résultats

Vous n’avez pas pris ce quiz